000 00337nam a2200133 4500
999 _c510824
_d510824
008 190902b ||||| |||| 00| 0 eng d
100 _aBagchi, Amiya Kumar
_99414
245 _aMarx, the digital divide and hegemony
260 _c2019
300 _ap.31-44.
773 _aSocial Scientist
906 _aMarx, Karl
942 _2ddc
_cAR